Les 10 villes les plus peuplées de la Meurthe-et-Moselle (54) - Statistiques

Statistiques générales
  • Ce quiz a été pris 46 fois
  • Le résultat moyen est 6 sur 10
Statistiques - réponses
Population Communes % Correct
104 400 Nancy
100%
17 900 Lunéville
74%
15 600 Toul
69%
15 500 Longwy
67%
29 700 Vandoeuvre-lès-Nancy
67%
14 400 Pont-à-Mousson
55%
15 100 Laxou
48%
14 900 Villers-lès-Nancy
43%
10 100 Saint-Max
26%
10 100 Villerupt
21%
Aucun quiz correspondant
Distribution des résultats
% des personnes avec chaque résultat
Percentile par nombre de réponses
Votre historique - résultats
Vous n’avez pas pris ce quiz